[Event "31st World Senior 65+"]
[Site "Citta del Mare ITA"]
[Date "2023.11.04"]
[Round "10.15"]
[White "Wengholm, Anders"]
[Black "Pigott, John C"]
[Result "0-1"]
[BlackTitle "IM"]
[WhiteElo "2142"]
[BlackElo "2337"]
[WhiteFideId "1704818"]
[BlackFideId "400459"]
[EventDate "2023.10.25"]

1. Nf3 Nf6 2. c4 e6 3. g3 d5 4. d4 Bb4+ 5. Bd2 a5 6. Bg2 O-O 7. O-O dxc4 8. Na3
Bxa3 9. bxa3 b5 10. Rb1 c6 11. Qc2 Ba6 12. Rfe1 Nbd7 13. e4 Re8 14. e5 Nd5 15.
Ng5 Nf8 16. Be4 g6 17. Bf3 Qe7 18. Ne4 Qxa3 19. Be2 Nd7 20. Bc1 Qf8 21. Bg5 c5
22. dxc5 Nxc5 23. Nd6 Reb8 24. Bf3 Nd3 25. Re4 Nxe5 26. Rxe5 Qxd6 27. Rbe1 Bb7
28. Bxd5 exd5 29. Qd2 d4 30. Qf4 Qc6 31. R1e4 Re8 32. f3 d3 33. Bh6 Qb6+ 34. Re3
f6 35. Rxe8+ Rxe8 36. Kg2 Qxe3 0-1

[Event "31st World Senior 65+"]
[Site "Citta del Mare ITA"]
[Date "2023.11.04"]
[Round "10.16"]
[White "Bagamasbad, Efren"]
[Black "Stebbings, Anthony J"]
[Result "1-0"]
[WhiteTitle "IM"]
[BlackTitle "FM"]
[WhiteElo "2016"]
[BlackElo "2263"]
[WhiteFideId "5203570"]
[BlackFideId "402427"]
[EventDate "2023.10.25"]

1. c4 c5 2. Nf3 Nf6 3. Nc3 d5 4. cxd5 Nxd5 5. g3 Nc6 6. Bg2 Nc7 7. d3 e5 8. O-O
Be7 9. Nd2 Bd7 10. Nc4 f6 11. f4 b5 12. Ne3 Rc8 13. f5 O-O 14. Be4 Kh8 15. Bd2
Be8 16. Rc1 Qd7 17. b3 Bf7 18. Rf2 Rfd8 19. Qf1 c4 20. Qg2 Nb4 21. bxc4 bxc4 22.
a3 Nbd5 23. Ncxd5 Nxd5 24. Nxc4 Bc5 25. e3 Nb6 26. Nxb6 axb6 27. Rc3 Bd5 28.
Bxd5 Qxd5 29. Qxd5 Rxd5 30. Kf1 Rcd8 31. Ke2 Kg8 32. Rf1 Kf7 33. g4 Ra8 34. Rb1
Ra4 35. e4 Rd6 36. Rbb3 Ke7 37. h4 h6 38. Bc1 Kd7 39. Rb5 Ra8 40. Rcb3 Kc7 41.
Rc3 Kd7 42. Rbb3 Kd8 43. Rc4 Ra6 44. a4 Rd7 45. Bd2 Rd4 46. Rxd4+ exd4 47. a5
bxa5 48. Rb5 Bb6 49. Rxb6 Rxb6 50. Bxa5 Kc7 51. Kf3 1-0

[Event "31st World Senior 65+"]
[Site "Citta del Mare ITA"]
[Date "2023.11.05"]
[Round "11.1"]
[White "Ftacnik, Lubomir"]
[Black "Campora, Daniel H."]
[Result "1-0"]
[WhiteTitle "GM"]
[BlackTitle "GM"]
[WhiteElo "2451"]
[BlackElo "2343"]
[WhiteFideId "14900017"]
[BlackFideId "100013"]
[EventDate "2023.10.25"]

1. c4 Nf6 2. Nc3 c5 3. Nf3 Nc6 4. d4 cxd4 5. Nxd4 d6 6. e4 Bd7 7. Be2 g6 8. Be3
Bg7 9. O-O O-O 10. Qd2 Nxd4 11. Bxd4 Bc6 12. f3 Nd7 13. Be3 a5 14. b3 Nc5 15.
Rab1 f5 16. exf5 gxf5 17. Nd5 Rf7 18. Rfd1 e5 19. Kh1 f4 20. Nxf4 Ne4 21. fxe4
exf4 22. Bxf4 Bxe4 23. Rbc1 Qf6 24. Rf1 Qg6 25. Bf3 Raf8 26. g3 Be5 27. Bxe4
Qxe4+ 28. Qg2 Qxg2+ 29. Kxg2 Bxf4 30. Rxf4 a4 31. Rxf7 Rxf7 32. Rd1 axb3 33.
axb3 Rf6 34. Rd5 Kf8 35. Rb5 Rf7 36. Rb6 Rd7 37. g4 1-0

[Event "31st World Senior 65+"]
[Site "Citta del Mare ITA"]
[Date "2023.11.05"]
[Round "11.2"]
[White "Nunn, John D M"]
[Black "Madeira, Wagner Martins"]
[Result "1-0"]
[WhiteTitle "GM"]
[BlackTitle "FM"]
[WhiteElo "2560"]
[BlackElo "2012"]
[WhiteFideId "400017"]
[BlackFideId "2100797"]
[EventDate "2023.10.25"]

1. e4 e5 2. Nf3 Nc6 3. Bb5 Nf6 4. d3 Bc5 5. Bxc6 dxc6 6. Nbd2 Be6 7. O-O Qd6 8.
Nb3 Bxb3 9. axb3 O-O 10. Nh4 Qe6 11. h3 Ne8 12. Kh1 f6 13. Nf5 Nd6 14. Be3 Bb6
15. Qg4 Nxf5 16. exf5 Qf7 17. Ra4 Rfd8 18. Re4 Rd5 19. Qf3 Rad8 20. g4 h6 21. h4
Kf8 22. Kg2 Ke7 23. g5 Rg8 24. g6 Qe8 25. c4 Rxd3 26. c5 Qd7 27. cxb6 axb6 28.
b4 Ra8 29. Rc4 Ra2 30. Rb1 Kd8 31. Qe4 Qd5 32. Qxd5+ Rxd5 33. Bxh6 1-0

[Event "31st World Senior 65+"]
[Site "Citta del Mare ITA"]
[Date "2023.11.05"]
[Round "11.3"]
[White "Vaganian, Rafael A"]
[Black "Knaak, Rainer"]
[Result "1/2-1/2"]
[WhiteTitle "GM"]
[BlackTitle "GM"]
[WhiteElo "2493"]
[BlackElo "2451"]
[WhiteFideId "13300016"]
[BlackFideId "4611250"]
[EventDate "2023.10.25"]

1. Nf3 d5 2. e3 Nf6 3. c4 e6 4. b3 Bd6 5. Bb2 O-O 6. Qc2 Nbd7 7. Be2 b6 8. cxd5
exd5 9. Nd4 c5 10. Nf5 Bc7 11. d4 Bb7 12. Nd2 Rc8 13. dxc5 bxc5 14. O-O g6 15.
Nh6+ Kg7 16. Ng4 h5 17. Nxf6 Nxf6 18. Rfd1 Qe7 19. Nf1 Be5 20. Bf3 Rfd8 21. Rac1
Bxb2 22. Qxb2 Rd6 23. Rd2 Kh7 24. Rdc2 Nd7 25. Rd1 Rd8 26. Qa3 Ra6 27. Qc1 Rd6
28. Rcd2 Qe5 29. h4 Rc8 30. Ng3 Nf6 31. Rc2 Rdc6 32. Ne2 R6c7 33. Nf4 Ne4 34.
Nd3 Qe7 35. Qa3 Qxh4 36. Rdc1 c4 37. Nf4 c3 38. Bxe4 dxe4 39. Qd6 Rc6 40. Qe5
Rc5 41. Qd4 R5c7 42. Qe5 Rc5 43. Qd4 R5c7 44. Nh3 Rd8 45. Qe5 Rcd7 46. Rxc3 Rd5
47. Qf4 Qxf4 48. Nxf4 Rd1+ 49. Rxd1 Rxd1+ 50. Kh2 Rd7 51. Ne2 Rd2 52. Rc7 Rxe2
53. Rxf7+ Kh6 54. Rxb7 Rxa2 55. Kg3 Kg5 56. f4+ exf3 57. Rb5+ Kf6 58. gxf3 1/2-1/2

[Event "31st World Senior 65+"]
[Site "Citta del Mare ITA"]
[Date "2023.11.05"]
[Round "11.4"]
[White "Legky, Nikolay A"]
[Black "Renman, Nils-Gustaf"]
[Result "1/2-1/2"]
[WhiteTitle "GM"]
[BlackTitle "IM"]
[WhiteElo "2348"]
[BlackElo "2324"]
[WhiteFideId "14100312"]
[BlackFideId "1700367"]
[EventDate "2023.10.25"]

1. d4 d5 2. c4 c6 3. Nc3 Nf6 4. Nf3 e6 5. e3 Nbd7 6. Bd3 dxc4 7. Bxc4 b5 8. Bb3
b4 9. Ne2 Bb7 10. O-O Bd6 11. Nf4 O-O 12. Ng5 Qe7 13. Nfxe6 fxe6 14. Nxe6 Kh8
15. Nxf8 Rxf8 16. f3 c5 17. Bd2 cxd4 18. exd4 Nd5 19. Qe1 Qf6 20. Rd1 Nf4 21.
Bxf4 Qxf4 22. g3 Qf6 23. Qe6 Qxe6 24. Bxe6 Nb6 25. f4 Nd5 26. Rfe1 g6 27. Bd7
Nf6 28. Re6 Bc7 29. Bc6 Bc8 30. Re7 Bb6 31. Kg2 Rd8 32. d5 Kg8 33. h3 Kf8 34.
Rde1 h5 35. Ba4 Bc5 36. Rc7 Bb6 37. Rce7 Bc5 38. Rc7 Bb6 39. Rce7 Bf5 40. Bb3
Nxd5 41. Rh7 Ne3+ 42. Kf3 Rd3 43. Rf7+ Ke8 44. Bc4 Bxh3 45. Bxd3 Bg4+ 46. Kf2
Kxf7 47. Rxe3 Kf6 48. Be4 g5 49. fxg5+ Kxg5 50. Bf3 Be6 51. Ke2 Bxe3 52. Kxe3
Bxa2 53. Kd4 Be6 54. Kc5 b3 55. Bd1 Bf7 56. Bf3 Kf5 57. Kd4 a5 58. Kc5 a4 59.
Kb4 Be8 60. Kc3 Ke5 61. Bg2 Kf5 62. Bf3 Kg5 63. Kb4 Bd7 64. Kc3 Be8 65. Kb4 Kf6
66. Kc3 Ke5 67. Bg2 Kd6 68. Bf3 Kc5 69. Be2 Bf7 70. Bf3 Be8 71. Bg2 Bc6 72. Bxc6
Kxc6 73. Kb4 Kd5 74. Kxa4 1/2-1/2

[Event "31st World Senior 65+"]
[Site "Citta del Mare ITA"]
[Date "2023.11.05"]
[Round "11.5"]
[White "Reprintsev, Alexander"]
[Black "Chapman, Terry P D"]
[Result "1-0"]
[WhiteTitle "IM"]
[BlackTitle "FM"]
[WhiteElo "2227"]
[BlackElo "2284"]
[WhiteFideId "14100541"]
[BlackFideId "413399"]
[EventDate "2023.10.25"]

1. e4 c6 2. Nf3 d5 3. e5 Bg4 4. Be2 e6 5. O-O Nd7 6. d4 h6 7. c4 Ne7 8. Nbd2 Rc8
9. a4 a6 10. a5 c5 11. dxc5 Bxf3 12. Bxf3 Nxe5 13. b4 N7c6 14. Bb2 Nxf3+ 15.
Nxf3 Nxb4 16. Qa4+ Nc6 17. Rfd1 Rg8 18. cxd5 exd5 19. Qa2 Be7 20. Rxd5 Qc7 21.
Rf5 Nd8 22. Re1 Kf8 23. Ne5 Bf6 24. c6 Bxe5 25. Rfxe5 Ne6 26. Ba3+ 1-0

[Event "31st World Senior 65+"]
[Site "Citta del Mare ITA"]
[Date "2023.11.05"]
[Round "11.6"]
[White "Petran, Peter"]
[Black "Roos, Louis"]
[Result "1/2-1/2"]
[WhiteTitle "IM"]
[BlackTitle "IM"]
[WhiteElo "2192"]
[BlackElo "2257"]
[WhiteFideId "14900114"]
[BlackFideId "600288"]
[EventDate "2023.10.25"]

1. Nf3 d5 2. g3 Nf6 3. Bg2 e6 4. O-O c5 5. c4 Be7 6. cxd5 exd5 7. d4 Nc6 8. Nc3
O-O 9. b3 Ne4 10. Bb2 Bf6 11. e3 Nxc3 12. Bxc3 Bg4 13. Qd2 Bxf3 14. Bxf3 cxd4
15. Bxd4 Nxd4 16. exd4 1/2-1/2

[Event "31st World Senior 65+"]
[Site "Citta del Mare ITA"]
[Date "2023.11.05"]
[Round "11.7"]
[White "Balashov, Yuri S"]
[Black "Vatter, Hans-Joachim"]
[Result "1-0"]
[WhiteTitle "GM"]
[BlackTitle "FM"]
[WhiteElo "2390"]
[BlackElo "2209"]
[WhiteFideId "4100263"]
[BlackFideId "4602439"]
[EventDate "2023.10.25"]

1. e4 d5 2. exd5 Qxd5 3. Nf3 Bg4 4. Be2 Nc6 5. h3 Bxf3 6. Bxf3 Qe6+ 7. Qe2 Qxe2+
8. Bxe2 Nd4 9. Bd1 e5 10. O-O O-O-O 11. Re1 Bd6 12. d3 Ne7 13. Nd2 f6 14. Ne4
Rhe8 15. c3 Ne6 16. b4 Nd5 17. Bg4 Nxc3 18. Nxc3 Bxb4 19. Bb2 Rxd3 20. Rac1 Kb8
21. Bf5 Rd2 22. Rc2 Rxc2 23. Bxc2 Rd8 24. Rd1 Rxd1+ 25. Nxd1 g6 26. Ne3 c6 27.
Kf1 b5 28. g3 Kc7 29. Bb3 Kd7 30. Nc2 Be7 31. Bc3 c5 32. Ne3 c4 33. Bd1 Bd8 34.
a4 a6 35. h4 Nc5 36. axb5 axb5 37. h5 Ke6 38. hxg6 hxg6 39. Nc2 Ne4 40. Be1 Be7
41. Bf3 Nd6 42. Bc6 f5 43. Na3 g5 44. Nxb5 Nxb5 45. Bxb5 Kd5 46. Ke2 e4 47. Bd2
Bf6 48. Bd7 c3 49. Be3 Ke5 50. Bb6 Bg7 51. Ba5 1-0

[Event "31st World Senior 65+"]
[Site "Citta del Mare ITA"]
[Date "2023.11.05"]
[Round "11.8"]
[White "Iudicello, Giovanni"]
[Black "Fernandez Garcia, Jose Luis"]
[Result "0-1"]
[BlackTitle "GM"]
[WhiteElo "2118"]
[BlackElo "2379"]
[WhiteFideId "804738"]
[BlackFideId "2200023"]
[EventDate "2023.10.25"]

1. Nf3 d5 2. g3 Nf6 3. Bg2 g6 4. d3 Bg7 5. O-O O-O 6. Nbd2 Nc6 7. e4 e5 8. Qe2
Re8 9. c3 a5 10. Rd1 a4 11. Nf1 d4 12. c4 Nd7 13. h4 h5 14. Bh3 Nc5 15. Bxc8
Qxc8 16. Kg2 Ra6 17. N1h2 Rb6 18. Rf1 Nb4 19. Ne1 f5 20. f3 Qe6 21. Bd2 Nbxd3
22. Nxd3 Qxc4 0-1

[Event "31st World Senior 65+"]
[Site "Citta del Mare ITA"]
[Date "2023.11.05"]
[Round "11.9"]
[White "Birnboim, Nathan"]
[Black "Hartung-Nielsen, Jens"]
[Result "1-0"]
[WhiteTitle "IM"]
[WhiteElo "2342"]
[BlackElo "2196"]
[WhiteFideId "2800209"]
[BlackFideId "1400690"]
[EventDate "2023.10.25"]

1. c4 e6 2. Nf3 d5 3. g3 c5 4. Bg2 Nc6 5. O-O Nf6 6. d4 cxd4 7. Nxd4 Be7 8. cxd5
exd5 9. Nc3 O-O 10. Be3 Re8 11. Rc1 Be6 12. Na4 Qd7 13. Re1 Rac8 14. Nxc6 Rxc6
15. Rxc6 Qxc6 16. Bd4 Ne4 17. Nc3 b6 18. Qd3 Nxc3 19. Bxc3 Qc4 20. Rd1 Qxa2 21.
Bxd5 Qxd5 22. Qxd5 Bxd5 23. Rxd5 Rd8 24. Rxd8+ Bxd8 25. e4 Kf8 26. Kf1 g6 27.
Ke2 Ke7 28. Kd3 b5 29. f4 h5 30. b4 Kd7 31. h3 Bc7 32. e5 Bd8 33. Ke4 Ke6 34. g4
hxg4 35. hxg4 Bh4 36. f5+ gxf5+ 37. gxf5+ Kd7 38. Kd5 Bf2 39. Bd2 Bg3 40. Be3
Be1 41. Kc5 a5 42. bxa5 Bxa5 43. Kxb5 Bd8 44. Kc5 Be7+ 45. Kd5 Bh4 46. Ke4 Bd8
47. Bh6 Ke8 48. Bg7 Ba5 49. Kf4 Bd2+ 50. Kg4 Bc1 51. Kh5 Ke7 52. Bh6 Bb2 53. Bf4
Kf8 54. Kg5 Kg7 55. Kh5 Bc3 56. Kg4 Bd4 57. Kf3 Kf8 58. Ke4 Bb2 59. Bg5 Ke8 60.
Be3 Ba3 61. Kd5 Kd7 62. Bc5 Bc1 63. Ke4 Bg5 64. Kf3 Bd8 65. Kg4 Bc7 66. Bd4 Ke8
67. Kh5 Kf8 68. Bc5+ Kg8 69. Bd6 Bd8 70. Kg4 Kg7 71. Kf4 Bh4 72. Ke4 Bg5 73. Kd5
Bh4 74. Kc6 Kh6 75. Kd5 Kg7 76. Bc5 Bg3 77. Be7 Be1 78. Kd6 Bc3 79. Bf6+ Kf8 80.
Kd7 Bb4 81. Bg5 Bc3 82. Bf4 Bd4 83. e6 fxe6 84. Bd6+ Kg8 85. fxe6 Bf6 86. Bc7 1-0

[Event "31st World Senior 65+"]
[Site "Citta del Mare ITA"]
[Date "2023.11.05"]
[Round "11.10"]
[White "Pigott, John C"]
[Black "Koehler, Gerhard2"]
[Result "1/2-1/2"]
[WhiteTitle "IM"]
[WhiteElo "2337"]
[BlackElo "2183"]
[WhiteFideId "400459"]
[BlackFideId "12909700"]
[EventDate "2023.10.25"]

1. d4 Nf6 2. c4 e6 3. g3 c5 4. Nf3 d5 5. cxd5 Nxd5 6. Bg2 Nc6 7. O-O Be7 8. Nc3
cxd4 9. Nxd5 exd5 10. Nxd4 O-O 11. Be3 Be6 12. Rc1 Qd7 13. Nxc6 bxc6 14. Bc5
Rfb8 15. Bxe7 Qxe7 16. b3 Bd7 17. Re1 f5 18. e3 a5 19. Re2 Kh8 20. Rb1 Rb5 21.
Rd2 h6 22. Rd4 Rb4 23. Qd2 Rab8 24. Rc1 Qd6 25. Qc3 Rxd4 26. exd4 Qb4 27. h4 a4
28. bxa4 Qxa4 29. Rc2 f4 30. Kh2 fxg3+ 31. fxg3 Qb4 32. Qxb4 1/2-1/2

[Event "31st World Senior 65+"]
[Site "Citta del Mare ITA"]
[Date "2023.11.05"]
[Round "11.11"]
[White "Van Riemsdijk, Herman C."]
[Black "Hammar, Bengt"]
[Result "1-0"]
[WhiteTitle "IM"]
[BlackTitle "FM"]
[WhiteElo "2257"]
[BlackElo "2136"]
[WhiteFideId "2100053"]
[BlackFideId "1700391"]
[EventDate "2023.10.25"]

1. e4 c5 2. Nf3 d6 3. d4 cxd4 4. Nxd4 Nf6 5. Nc3 a6 6. Bc4 e6 7. O-O Be7 8. Bb3
O-O 9. Qf3 Nbd7 10. Qg3 Nc5 11. Bh6 Ne8 12. Be3 Nf6 13. f3 Kh8 14. Qf2 Nxb3 15.
Nxb3 Qc7 16. Bb6 Qb8 17. Rfd1 Bd7 18. Na5 Rc8 19. Rd2 Bc6 20. Nxc6 bxc6 21. Rb1
c5 22. Ba5 Ra7 23. Ne2 d5 24. exd5 exd5 25. Rdd1 Bd6 26. g3 Re7 27. Bd2 d4 28.
Nf4 Qb5 29. Re1 Rxe1+ 30. Qxe1 Bxf4 31. Bxf4 Nd5 32. Qf1 Nxf4 33. Qxb5 axb5 34.
gxf4 Re8 35. Kf2 g6 36. a3 Kg7 37. Re1 Rc8 38. Re5 Kf8 39. Ke2 f6 40. Re6 Kf7
41. Rb6 Re8+ 42. Kd2 Re3 43. Rxb5 Rxf3 44. Rxc5 Rxf4 45. Rc7+ Kg8 46. a4 d3 47.
a5 dxc2 48. a6 1-0

[Event "31st World Senior 65+"]
[Site "Citta del Mare ITA"]
[Date "2023.11.05"]
[Round "11.12"]
[White "Rooze, Jan"]
[Black "Bagamasbad, Efren"]
[Result "1-0"]
[WhiteTitle "IM"]
[BlackTitle "IM"]
[WhiteElo "2245"]
[BlackElo "2016"]
[WhiteFideId "200050"]
[BlackFideId "5203570"]
[EventDate "2023.10.25"]

1. e4 g6 2. d4 Bg7 3. Nf3 d6 4. Be2 Nd7 5. O-O e6 6. c4 Ne7 7. Nc3 a6 8. Be3 b6
9. Qd2 h6 10. Rad1 Bb7 11. Rfe1 Nf6 12. Qc2 Qb8 13. h3 O-O 14. Bd3 g5 15. Nh2 e5
16. dxe5 dxe5 17. Nd5 Nc6 18. Qc1 Nh7 19. b4 Re8 20. h4 f6 21. a4 a5 22. b5 Nd8
23. hxg5 fxg5 24. c5 bxc5 25. Bxc5 Ne6 26. Ne7+ Kf7 27. Bc4 Rxe7 28. Bxe7 Kxe7
29. Qa3+ Kf6 30. Ng4+ Kg6 31. Bxe6 Bf8 32. Qf3 Qe8 33. Bf7+ Qxf7 34. Nxe5+ 1-0

[Event "31st World Senior 65+"]
[Site "Citta del Mare ITA"]
[Date "2023.11.05"]
[Round "11.13"]
[White "Molchanov, Mykola"]
[Black "Werner, Clemens"]
[Result "1-0"]
[BlackTitle "FM"]
[WhiteElo "2108"]
[BlackElo "2230"]
[WhiteFideId "14120232"]
[BlackFideId "4604636"]
[EventDate "2023.10.25"]

1. b3 c5 2. Bb2 Nc6 3. Nf3 Nf6 4. d4 e6 5. e3 d5 6. Nbd2 Be7 7. Bd3 O-O 8. O-O
b6 9. a3 Bb7 10. Qe2 Qc7 11. Rac1 cxd4 12. exd4 Qf4 13. Rfe1 Rac8 14. g3 Qg4 15.
Ne5 Nxe5 16. Qxe5 Qh3 17. f3 Qh6 18. Rcd1 Nd7 19. Qe2 Rc7 20. Kg2 Rfc8 21. Nf1
g6 22. Ne3 Qg7 23. Rb1 Bf6 24. c3 h5 25. f4 Rxc3 26. Bxc3 Rxc3 27. Nc2 Bxd4 28.
Nxd4 Qxd4 29. Bxg6 Nf8 30. Bxh5 Qf6 31. Qe5 Rc2+ 32. Kh3 Nd7 33. Qxf6 Nxf6 34.
Bf3 Ne4 35. Bxe4 dxe4 36. Re3 Kg7 37. g4 Kf6 38. Kg3 Rd2 39. h4 Bd5 40. Rc1 a5
41. h5 Ra2 42. a4 Rb2 43. Rc7 Rxb3 44. g5+ Kg7 45. Rxb3 Bxb3 46. Rb7 Bxa4 47.
Rxb6 Bd1 48. h6+ Kh7 49. Rb7 Kg6 50. Rb8 Bh5 51. Rg8+ Kh7 52. Ra8 Kg6 53. Rxa5
f6 1-0

[Event "31st World Senior 65+"]
[Site "Citta del Mare ITA"]
[Date "2023.11.05"]
[Round "11.15"]
[White "Jansa, Vlastimil"]
[Black "Meulders, Richard"]
[Result "1-0"]
[WhiteTitle "GM"]
[BlackTitle "FM"]
[WhiteElo "2358"]
[BlackElo "2134"]
[WhiteFideId "300128"]
[BlackFideId "200123"]
[EventDate "2023.10.25"]

1. e4 c5 2. Nf3 Nc6 3. Bb5 Nf6 4. Nc3 g6 5. O-O Bg7 6. e5 Ng4 7. Bxc6 dxc6 8.
Re1 O-O 9. d3 b6 10. Bf4 Nh6 11. Ne4 Nf5 12. c3 Ba6 13. d4 cxd4 14. cxd4 h5 15.
Qd2 Bc4 16. h3 h4 17. g4 hxg3 18. fxg3 Kh7 19. g4 Nh6 20. Nfg5+ Kg8 21. b3 Bd5
22. Nc3 Qd7 23. Rad1 Rad8 24. Qd3 Qe8 25. Qg3 f6 26. exf6 Rxf6 27. Nxd5 Rxd5 28.
Ne6 Qf7 29. Ng5 Qe8 30. Be5 Qd7 31. Bxf6 Bxf6 32. Qb8+ Qd8 33. Qxd8+ Rxd8 34.
Ne6 Rd6 35. Re4 Nf7 36. Kg2 g5 37. Kf2 Rd7 38. Ke2 Nd6 39. Re3 Kf7 40. Rf1 Ke8
41. h4 Nb5 42. hxg5 Nxd4+ 43. Nxd4 Bxd4 44. Re6 Rd5 45. Rxc6 Rxg5 46. Kf3 Ra5
47. Rc2 Bf6 48. Rh1 Rd5 49. Re1 Kf7 50. Ree2 Rd3+ 51. Re3 Rd5 52. Rc7 a5 53. a4
b5 54. Rb7 bxa4 55. bxa4 Bg5 56. Re4 Rd3+ 57. Ke2 Rd2+ 58. Ke1 Rd8 59. Rb2 Bc1
60. Rf2+ Ke8 61. Rf5 Bd2+ 62. Ke2 Bb4 63. g5 Rd2+ 64. Kf3 Rh2 65. Kg4 Rh8 66.
Rc4 Kd7 67. Rb5 Rh1 68. Kf5 Ra1 69. g6 e6+ 70. Kf6 Rf1+ 71. Kg7 Rf3 72. Kh7 Rh3+
73. Kg8 1-0

[Event "31st World Senior 65+"]
[Site "Citta del Mare ITA"]
[Date "2023.11.05"]
[Round "11.16"]
[White "Povah, Nigel E"]
[Black "Carvalho, Herbert Abreu"]
[Result "1/2-1/2"]
[WhiteTitle "IM"]
[BlackTitle "FM"]
[WhiteElo "2235"]
[BlackElo "2091"]
[WhiteFideId "400467"]
[BlackFideId "2100541"]
[EventDate "2023.10.25"]

1. d4 Nf6 2. Bg5 g6 3. Bxf6 exf6 4. c4 f5 5. e3 Bg7 6. Nc3 O-O 7. g3 d6 8. Bg2
Nd7 9. Nge2 Re8 10. O-O Nf6 11. Qd3 c6 12. b4 Qe7 13. b5 c5 14. Nf4 Be6 15. Rac1
Rab8 16. Rfd1 Qc7 17. dxc5 dxc5 18. Ncd5 Qa5 19. Qb3 Nd7 20. Nxe6 fxe6 21. Nf4
Nb6 22. h4 a6 1/2-1/2